000 03242nam a2200421 i 4500
001 193181
003 SpMaBN
005 20240827063034.0
007 ta
008 230930s2018 sp a | |||| 000 0 spa
017 _aB 3143-2018
_bOficina Depósito Legal Barcelona
020 _a9788420433349
035 _a(OCoLC)1035620905
035 _aa6433163
040 _aSpMaBN
_bspa
_cSpMaBN
_erda
_dEs-MaACL
080 _a929-055.2
100 1 _aMontero, Rosa,
_d1951-
_0XX968899
_eaut
_982503
245 1 0 _aNosotras :
_bhistorias de mujeres y algo más /
_cRosa Montero ; ilustraciones de María Herreros.
250 _aPrimera edición, Primera reimpresión: junio de 2018
264 1 _aBarcelona :
_bAlfaguara,
_c2018
300 _a298 páginas :
_bilustraciones (color) ;
_c24 cm
336 _aTexto
_2rdacontent
337 _asin mediación
_2rdamedia
338 _avolumen
_2rdacarrier
500 _aÍndice
504 _aBibliografía: página 298
505 0 _aEscupiendo fuego ; Historias de mujeres ; Un hervor de mujeres
520 _a«Este libro no es un libro solo para mujeres, de la misma manera que el feminismo no es solo cosa de chicas. Estamos cambiando el mundo, estamos destruyendo estereotipos milenarios, y es evidente que si se altera el papel social femenino, es porque también muda el papel de los hombres. »Incluye el texto original de Historias de mujeres, publicado hace veinticuatro años, y añade noventa nuevos pequeños retratos, una ojeada rápida desde la antigüedad hasta nuestros días que nos permite atisbar la compleja riqueza de la aportación femenina a la vida común. Porque hay una historia que no está en la historia y que solo se puede rescatar aguzando el oído y escuchando el susurro de las mujeres. La porción invisible del iceberg de protagonistas silenciadas empieza a emerger ahora, y tiene unas dimensiones colosales. Ha habido mujeres en todas las épocas haciendo cosas memorables. No hay un solo campo social, artístico o del conocimiento en el que no hayamos destacado. Y se trata de un pasado que nos han robado a todos. »Pero tenemos que hacer algo más que cambiar la visión del pasado: es esencial que también cambiemos la visión del presente. La manera en que nos miramos a nosotras mismas. El mundo, nos decían y nos decíamos, es así. Pero no. Resulta que el mundo no es así. El futuro está aquí, el futuro es hoy y lo estamos construyendo hombres y mujeres. Por primera vez estamos todos. Aunque, para ello, también debamos abandonar nosotras muchos prejuicios sexistas. Así es que, hermanas, abramos nuestras fauces de dragonas y escupamos fuego.» Rosa Montero
650 4 _aMujeres-
_xBiografías
_2embne
_915255
700 _aHerreros, María,
_d1983-
_9234275
_eill
852 _aES-MaACL
_bR.154586
_9200557
_jN-9345
_cDEPOJ
_xEncuadernación cartoné con sobrecubiertas (incluye faja)
_gDedicatoria autógrafa de la autora
_hDonación: Rosa Montero
903 _aMontero, Rosa,
_d1951-
_ednr
_982503
942 _n0
_cMONOGRAFIA
999 _c193181
_d193181